• 首页
  • 本馆介绍
  • 公告通知
  • 最新文献
  • 馆藏检索
  • 电子资源
  • 读者导购
  • 参考咨询
  • 我的图书馆
  • 登录
  • 详细信息显示
  • 放入我的书架
  • 预约/预借图书
  • 作者相关作品
  • 分类相关作品
  • 丛书相关作品
  • 出版社相关作品

书目信息

  • 表格格式
  • 工作单格式
  • 卡片格式
题名:
林木嫁接技术图解
    
 
作者: 高新一 , 王玉英 编著
分册:  
出版信息: 北京   金盾出版社  2010
页数: 210页
开本: 21cm
丛书名:
单 册:
中图分类: S723.2-64
科图分类:
主题词: 林木--嫁接--图解 , 林木 , 嫁接
电子资源:
ISBN: 978-7-5082-5695-5
000 00903nam0 2200265 45
001 1033027062
005 20100407164753.18
010    @a978-7-5082-5695-5@dCNY12.00
100    @a20100331e2010 em y0chiy50 ea
101 0  @achi
102    @aCN@b110000
105    @aa z 000yy
106    @ar
200 1  @a林木嫁接技术图解@ALin Mu Jia Jie Ji Shu Tu Jie@f高新一,王玉英编著@FGao Xin Yi, Wang Yu Ying Bian Zhu
210    @a北京@c金盾出版社@d2010
215    @a210页@d21cm
330    @a本书内容包括:什么是林木嫁接,林木嫁接的好处,林木嫁接成活的原理,接穗的选择、贮藏和蜡封,嫁接时期及嫁接工具和用品,嫁接方法,特殊用途的嫁接技术。
606 0  @a林木@x嫁接@j图解
606 0  @a林木
606 0  @a嫁接
690    @aS723.2-64@v4
701  0 @a高新一@AGao Xin Yi@4编著
701  0 @a王玉英@AWang Yu Ying@c(植物生理)@4编著
801  0 @aCN@bTANGWEI@c20100407
905    @b0587657-61@dS723.2-64@e44@f5
    
    林木嫁接技术图解/高新一,王玉英编著.-北京:金盾出版社,2010
    210页;21cm
    
    
    ISBN 978-7-5082-5695-5:CNY12.00
    本书内容包括:什么是林木嫁接,林木嫁接的好处,林木嫁接成活的原理,接穗的选择、贮藏和蜡封,嫁接时期及嫁接工具和用品,嫁接方法,特殊用途的嫁接技术。
●
相关链接 在E读中查询图书 在五车中查询图书 在当当中查询图书 在豆瓣中查询图书


正题名:林木嫁接技术图解     索取号:S723.2-64/44         预约/预借

序号 登录号 条形码 馆藏地/架位号 状态 备注
1 0587657   205876578   第二样本阅览室/ [索取号:S723.2-64/44] 在馆    
2 0587658   205876587   第三借阅区/ [索取号:S723.2-64/44] 在馆    
3 0587659   205876596   第三借阅区/ [索取号:S723.2-64/44] 在馆    
4 0587660   205876603   第三借阅区/ [索取号:S723.2-64/44] 在馆    
5 0587661   205876612   第三借阅区/ [索取号:S723.2-64/44] 在馆    
唐山师范学院图书馆 欢迎您!
大连网信软件有限公司© 版权所有